The world automobile industry

Salvato in:
Dettagli Bibliografici
Autore principale: Bloomfield, Gerald
Natura: Libro
Lingua:Undetermined
Pubblicazione: Newton David & Charles 1978
Soggetti:
Tags: Aggiungi Tag
Nessun Tag, puoi essere il primo ad aggiungerne! !
Thư viện lưu trữ: Trung tâm Học liệu Trường Đại học Cần Thơ
LEADER 00495nam a2200181Ia 4500
001 CTU_83639
008 210402s9999 xx 000 0 und d
082 |a 338.4 
082 |b B655 
100 |a Bloomfield, Gerald 
245 4 |a The world automobile industry 
245 0 |c Gerald Bloomfield 
260 |a Newton 
260 |b David & Charles 
260 |c 1978 
650 |a Automobile industry and trade 
904 |i Qhieu(sửa) 
980 |a Trung tâm Học liệu Trường Đại học Cần Thơ